000 00602nam a2200205Ia 4500
005 20250923144643.0
008 008 250917s9999 xx 000 0 eng d
037 _aTextual
040 _aDSWL
_beng
_cDSWL
041 _aeng
_2eng
084 _aY1:81.2.N5, J8
_qDSWL
100 _aAggarwal, S.C.
_9827036
245 0 _aRecent developments in housing
_cby S.C. Aggarwal
260 _aNew Delhi
_bJain Book Agency Connaught Place
_c1958
300 _aviii,175p.
365 _aINR
_b4.80
925 _g4.80
942 _cTEXL
_hY1:81.2.N5, J8
999 _c1441659
_d1441659